00816nam a22002055i 4500001000700000003000900007005001700016008004100033040002000074080001900094080002300113100003100136245010000167260006500267300003900332650003600371650003800407700006600445852009900511165244ES-MaACL20230906213108.0050905s1901 sp af | |||||||| ||spa d aCAM bspa cCAM a726.591.3(460) a726.597(460.16 P.)1 aSerrano Fatigati, Enrique.14aLos claustros de Pamplona b; Sillerías de coro españolas / cpor Enrique Serrano Fagitati. aMadrid : b[s.n.], c1901 (fImp. de San Francisco de Sales) a16 p., [7] h. de lám. ; c28 cm. 4aSillerías de coro-zEspaña. 4aClaustros-xCatedral de Pamplona.1 aSerrano Fatigati, Enrique. tSillerías de coro españolas. aES-MaACLjT-996-F-3 z-- Enc. hol., conservando la cub. original z-- Enc. en un vol. facticio